• 首页
  • 本馆介绍
  • 公告通知
  • 最新文献
  • 馆藏检索
  • 电子资源
  • 读者导购
  • 参考咨询
  • 我的图书馆
  • 登录
  • 详细信息显示
  • 放入我的书架
  • 预约/预借图书
  • 作者相关作品
  • 分类相关作品
  • 丛书相关作品
  • 出版社相关作品

书目信息

  • 表格格式
  • 工作单格式
  • 卡片格式
题名:
发育神经生物学
    
 
作者: 李海标 , 蔡文琴
分册:  
出版信息: 北京   科学出版社  1999
页数: 396
开本: 26cm
丛书名:
单 册:
中图分类: Q42
科图分类:
主题词: 神经生理学
电子资源:
ISBN: 7-03-007684-2
000 00560nam0 2200193 450
001 0741144344
005 20070817112544.34
010    @a7-03-007684-2@b精装@d¥55.00
100    @a20070817d km y0chiy0120 ea
101 0  @achi
200 1  @a发育神经生物学@Afa yu shen jing sheng wu xue@f蔡文琴,李海标@Fcai wen qin,li hai biao
210    @a北京@c科学出版社@d1999
215    @a396@c插图@d26cm
606 0  @a神经生理学
690    @aQ42@v3
701  0 @a李海标@Ali hai biao
701  0 @a蔡文琴@Acai wen qin
801  0 @aCN@bPFT@c20070817
905    @a213230@dQ42@en1@f1
    
    发育神经生物学/蔡文琴,李海标.-北京:科学出版社,1999
    396:插图;26cm
    
    
    ISBN 7-03-007684-2(精装):¥55.00
    
●
相关链接 在E读中查询图书 在五车中查询图书 在当当中查询图书 在豆瓣中查询图书


正题名:发育神经生物学     索取号:Q42/n1         预约/预借

序号 登录号 条形码 馆藏地/架位号 状态 备注
1 6601443   266014430   密集书库-生命科学系/ [索取号:Q42/n1] 在馆    
唐山师范学院图书馆 欢迎您!
大连网信软件有限公司© 版权所有